01579naa a2200265 i 45000010005000000030009000050050017000140080039000310400021000700410013000910440008001040800011001121000120001232450170002432460096004135000021005095200267005306500029007976500024008266500027008506550030008777000122009077730219010297110065012483280KOSZ 00520180214113725.0151203s2002 pl f |100 0 pol cBPKdKOSZ 005/EG apolbeng aPOL a629.331 aPOPŁAWSKI, Marek.d2007 - .bPolitechnika Koszalińska - Wydział Elektroniki,cKatedra Inżynierii Komputerowej10aSposoby badań charakterystyk dynamicznych zdalnie sterowanych fizycznych modeli samochodów /cMarek Popławski, Dmitry Czwyrow, Andrzej Smuga, Marcin Jaskólski31aMethods of researching of dynamical charakteristics of remote controled physical car models adane z autopsji. aW artykule opisano system komputerowy do badania charakterystyk dynamicznych zdalnie sterowanych modeli fizycznych samochodów w skali 1:10, którego zadaniem jest sterowanie modelem i rejestracja parametrów telemetrycznych modelu podczas procesu badawczego. 0aKomputery - stosowanie. 0a Sterowanie zdalne. 0aPrzetwarzanie danych.  0aMateriały konferencyjne.1 aCHVYROV, Dmitry.d1997 - 2006.bPolitechnika Koszalińska - Wydział Elektroniki,cKatedra Inżynierii Komputerowej0 iW :tDroga krajowa nr 6 osią integracji Pomorza Środkowego i szansą rozwoju motoryzacji : V Słupskie Forum Motoryzacji, Słupsk 18-19 maja 2002. -dSłupsk : Starostwo Powiatowe w Słupsku, 2002. -gs. 47-5222aSłupskie Forum Motoryzacjin(5 ;d2002 ;cSłupsk, Polska).